Lietuvos geografų draugijos veikla 1995-1998 metais
| Titel: | Lietuvos geografų draugijos veikla 1995-1998 metais |
|---|---|
| Verfasser: | |
| In: |
Geografijos metraštis, Band 32 (1999), Seite 372-374, 3 Abb. alle Artikel anzeigen |
| Veröffentlicht: | 1999 |
| Format: | Aufsatz |
| Sprache: | Litauisch |
X
alg: 39288749 001A $01999:11-11-16 001B $01999:22-05-21 $t21:50:26.000 001C $06050:19-11-16 $t09:31:06.000 001D $01999:11-11-16 001U $0utf8 001X $00 002@ $0Aox 003@ $0392887495 007A $0392887495 $aHEB 007T $0Herde09261 010@ $alit 011@ $a1999 021A $aLietuvos geografų draugijos veikla 1995-1998 metais 027A $aDie Tätigkeit der Litauischen Geographischen Gesellschaft in den Jahren 1995-1998 028A $aBaubinas $dRičardas 031A $d32 $h372-374, 3 Abb. $j1999 039B $aIn $8--Abvc--. Geografijos metraštis. - Vilnius : Akad., 1981-. - ISSN 0132-3156 $x199900000320000628 $9048472980 045F $a370.94793 $eDDC23BSB 045F/01 $a370.9 045F/03 $g4793 045T $a14 046C $aDie Tätigkeit der Litauischen Geographischen Gesellschaft in den Jahren 1995-1998 $bÜbers. des Hauptsacht. lok: 39288749 78 exp: 39288749 78 1 #EPN 201B/01 $012-12-17 $t11:21:51.000 201U/01 $0utf8 203@/01 $0788997769 208@/01 $a11-11-16 $be 209A/01 $a/ $f000 $x00 220C/01 $aTitelaufnehmer: pk 220C/01 $aHerkunft: Baltische Bibliographie / P. Kaegbein 237A/01 $aweiterführende Signatur(en): HI: 45 II AZ 1 244Z/01 $2Trx $#Litauen $#Lithuania $#Litwa $#Litva $#Litva $8--Trx--Lietuva $x01 $9391193457 244Z/01 $#Wilna $#Wilna Vilnius $#Wilnjus $#Wilno $#Vilna $#Vilni $#Wilniuje $#Wilna $75057560-0 $8--Tg1--Vilnius $x02 $9044721684 244Z/01 $aGeschichte 1995-1998 $x03 244Z/01 $2Trx $#ühingud, teaduslikud $#mokslo draugijos $#Associations, scholarly $#társaságok, tudományos $#towarzystwa naukowe $#spoločnosti vedecké $#společnosti vědecké $#Vereine, wissenschaftliche $8--Trx--Gesellschaften, wissenschaftliche $x04 $9391359738 244Z/01 $2Trx $8--Trx--Zeitschriftenaufsatz $x05 $9391384341 245Z/01 $a11.05 $x01 247C/01 $82080>Marburg/Lahn, Herder-Institut, Forschungsbibliothek, Bibliographieportal $9336309341
| LEADER | 00000caa a22000002c 4500 | ||
|---|---|---|---|
| 001 | 392887495 | ||
| 003 | DE-603 | ||
| 005 | 20210522215026.0 | ||
| 007 | tu | ||
| 008 | 161111s1999 xx |||| | u00||u|lit c | ||
| 035 | |a (DE-599)HEB392887495 | ||
| 040 | |a DE-603 |b ger |c DE-603 |d DE-603 | ||
| 041 | |a lit | ||
| 082 | 0 | 4 | |8 1\u |a 370.94793 |q DE-101 |2 23/BSB |
| 084 | |a 14 |2 ssgn | ||
| 085 | |8 1\u |b 370.9 | ||
| 085 | |8 1\u |z 2 |s 4793 | ||
| 100 | 1 | |a Baubinas, Ričardas | |
| 245 | 0 | 0 | |a Lietuvos geografų draugijos veikla 1995-1998 metais |
| 246 | 1 | |i Übers. des Hauptsacht. |a Die Tätigkeit der Litauischen Geographischen Gesellschaft in den Jahren 1995-1998 | |
| 246 | 1 | 3 | |a Die Tätigkeit der Litauischen Geographischen Gesellschaft in den Jahren 1995-1998 |
| 264 | 0 | |c 1999 | |
| 773 | 0 | 8 | |i In |t Geografijos metraštis |d Vilnius : Akad., 1981- |x 0132-3156 |g Band 32 (1999), Seite 372-374, 3 Abb. |w (DE-603)048472980 |w (DE-600)990309-4 |
| 924 | 0 | |9 2080 |a (DE-603)788997769 |b DE-2080 |c HES |d d |g / | |


